000 00709nam a2200205 a 4500
003 0
005 20250530090835.0
008 021121s19uu xx 00 eng d
050 _aPGS RM 217
_b.G643 2000
100 _aGonzales, Mark Daniel S.
245 _aAn alternative approach: nature cure - the drugless way /
_cMark Daniel S. Gonzales.
260 _aLas PiƱas City, Philippines :
_bSouthville International School and Colleges,
_c2000.
300 _a60 pages :
_bcolored illustrations ;
_c28 cm.
504 _aIncludes bibliographical references.
650 _aNaturopathy.
650 _aNature cure.
650 _aAlternative medicine.
650 _aDrugless therapy.
942 _2lcc
_cPASS
999 _c96324
_d96324